| 000 | 00463nam a2200181Ia 4500 | ||
|---|---|---|---|
| 003 | GCL | ||
| 008 | 140319s9999 xx 000 0 eng d | ||
| 040 |
_aGCL / _cGCL |
||
| 082 | 0 | 4 |
_a910.92 _bM P |
| 100 | 1 | _aMARTIN, CLAUDE | |
| 245 | 1 | 0 |
_aPIERRE LOTI: VOYAGES ( 1872 - 1913 ) / _cMARTIN, CLAUDE |
| 260 |
_a[S.N] : _bROBERT LAFFONT ، _c1991 |
||
| 300 | _a1558 P | ||
| 650 | 0 | 4 | _aGEOGRAPHERS |
| 650 | 0 | 4 | _aTRAVELERS |
| 650 | 0 | 4 | _aPIERRE LOTI |
| 942 |
_2ddc _cBK |
||
| 999 |
_c15218 _d15218 |
||